El ocaso del patrón oro /

Gorde:
Xehetasun bibliografikoak
Egile nagusia: Beveraggi Allende, Walter (autor)
Formatua: Liburua
Hizkuntza:gaztelania
Argitaratua: Buenos Aires, Argentina : EUDEBA, 1969, c1969
Saila:(Ensayos)
Gaiak:
Etiketak: Etiketa erantsi
Etiketarik gabe, Izan zaitez lehena erregistro honi etiketa jartzen!

MARC

LEADER 00000nam^a2200000^a^4500
001 000155397
005 20250521000000.0
009 20260526124854.702
037 |a Acervo ITESO - Biblioteca 
041 |a ESP 
082 |a 332. 4222  |b BEV 
100 |a Beveraggi Allende, Walter  |e (autor) 
245 1 3 |a El ocaso del patrón oro /  |c W. Beveraggi Allende. 
264 4 |a Buenos Aires, Argentina :  |b EUDEBA,  |c 1969, c1969 
300 |a 140 p. 
336 |a texto  |b txt  |2 rdacontenido 
337 |a sin mediación  |b n  |2 rdamedio 
338 |a volumen  |b nc  |2 rdasoporte 
440 1 |a (Ensayos) 
610 |a Fondo Monetario Internacional 
649 |a XX 
650 |a Quiebra 
650 |a Crisis Económica 
650 |a Especulación (Economía) 
650 |a Equilibrio (Economía) 
650 |a Pagos 
650 |a Dinero 
650 |a Patrón Oro 
650 |a Patrón Monetario 
650 |a Política Monetaria 
650 |a Política Económica 
650 |a Organizaciones Internacionales 
650 |a Países Subdesarrollados 
650 |a Finanzas Internacionales 
650 |a Economía Internacional -  |x Historia 
650 |a Economía -  |x Historia 
910 |a Fondo General 
920 |a Impresos - Libros 
930 |a Colección General 
905 |a 101 
901 |a 0500083116  |b IT1  |c ACC  |u 20250521 
902 |a https://opac.biblio.iteso.mx/vufind/Record/000155397